000 01774cas a2200421 a 4500
001 data
005 20260322212112.0
008 data
010 _a 2001205840
_z 97175819
029 1 _aAU@
_b000023118217
035 _a(OCoLC)48079672
040 _aDLC
_beng
_cDLC
_dOCLCL
_dOCLCF
_dOCLCO
_dOCLCL
042 _apcc
043 _ae-gx---
050 0 0 _aHF5549.A2
_bF58
245 0 0 _aForschungsbericht ... des Jenenser Institutes für Personal- und Organisationsforschung (JIPO) an der Friedrich-Schiller-Universität Jena e.V.
246 1 4 _aForschungsbericht
260 _aJena :
_bDas Institut,
_c1994-
300 _av. :
_bill. ;
_c30 cm.
310 _aIrregular
362 0 _aNr. 1-
500 _aNr. 10 published 1993.
515 _aSome numbers published out of chronological sequence.
588 _aLatest issue consulted: Nr. 11, published in 1996.
650 0 _aPersonnel management.
650 0 _aPersonnel management
_zGermany.
650 0 _aManagement.
650 0 _aManagement
_zGermany.
650 7 _aManagement.
_2fast
_0(OCoLC)fst01007141
650 7 _aPersonnel management.
_2fast
_0(OCoLC)fst01058797
651 7 _aGermany.
_2fast
_0(OCoLC)fst01210272
_1https://id.oclc.org/worldcat/entity/E39PBJtCD3rcKcPDx6FHmjvrbd
710 2 _aJenenser Institut für Personal- und Organisationsforschung an der Friedrich-Schiller-Universität Jena.
_1https://id.oclc.org/worldcat/entity/E39QH7JmqKGGMKyyh44v4Hmbtg
906 _a7
_bcbc
_cserials
_d2
_encip
_f20
_gn-oclcserc
925 0 _aAcquire
_b1 shelf copy
_xpolicy default 10-04-01
955 _gdb72 2002-01-17 to SSCD
_dsc17 2003-03-28 to Shelflister
_esc06 2003-07-15 to BCCD
999 _c1678
_d1678